| 000 | 00778nam a2200205Ii 4500 | ||
|---|---|---|---|
| 003 | JO-AjNU | ||
| 008 | 230605s9999||||xx |||||||||||||| ||und|| | ||
| 040 |
_aJO-AjNU _bara _erda _cJO-AjNU |
||
| 041 | _aara | ||
| 050 | 1 | 4 | _aPN6519.A7.F542 1979 |
| 100 | 3 |
_aتأليف وإختيار وتعريب فكري، علي, _eauthor _939465 |
|
| 245 | 0 | 0 | _aالسمير المهذب: مجموعة قصص تهذيبية وحكايات خلقية وأمثال أدبية، الجزء الأول |
| 250 | _aط7 | ||
| 264 | 3 | 1 | _aبيروت: دار الكتب العلمية، 1979 |
| 300 | _aج1، 168ص | ||
| 336 |
_atext _btxt _2rdacontent |
||
| 337 |
_aunmediated _bn _2rdamedia |
||
| 338 |
_avolume _bnc _2rdacarrier |
||
| 650 | 4 |
_aالأدب العربي - قصص - أمثال _939466 |
|
| 999 |
_aA16669 _c20237 _d20237 |
||